Statistiques concernant Nombres en anglais

Cliquez ici pour prendre le quiz!

Statistiques générales

  • Ce quiz a été pris 616 fois
  • Le résultat moyen est 18 sur 20

Statistiques - réponses

AnglaisNombre% Correct
eleven11
100%
eighteen18
100%
two thousand2000
100%
sixty-seven67
100%
sixty-eight68
100%
seventy70
100%
seventy-four74
100%
eighty-nine89
100%
ninety-seven97
100%
thirty-three33
96%
thirteen13
95%
seventeen17
95%
twenty-five25
95%
sixty-three63
95%
ninety-four94
95%
ten thousand10000
94%
fifteen15
94%
nineteen19
94%
twenty-seven27
94%
three3
94%
forty40
94%
forty-nine49
94%
fifty-one51
94%
eight8
94%
twenty-one21
93%
twenty-two22
93%
twenty-six26
93%
thirty-five35
93%
four hundred400
93%
forty-two42
93%
forty-three43
93%
five5
93%
seventy-seven77
93%
fifty-five55
92%
eighty-two82
92%
thirty30
91%
forty-one41
91%
ninety-two92
91%
two2
90%
forty-four44
90%
forty-five45
90%
five hundred500
90%
seven7
90%
ninety90
90%
ninety-one91
90%
twelve12
89%
six6
89%
sixty-two62
89%
seventy-nine79
89%
eighty-five85
89%
nine thousand9000
89%
sixteen16
88%
thirty-four34
88%
thirty-six36
88%
forty-eight48
88%
fifty-two52
88%
fifty-three53
88%
fifty-eight58
88%
sixty-one61
88%
sixty-four64
88%
seventy-one71
88%
eight thousand8000
88%
eighty-three83
88%
eighty-six86
88%
four4
87%
fifty-four54
87%
eight hundred800
87%
one1
86%
ten10
86%
twenty-three23
86%
twenty-nine29
86%
thirty-seven37
86%
fifty50
86%
sixty-six66
86%
seventy-two72
86%
eighty80
86%
six hundred600
85%
seventy-six76
85%
nine9
85%
ninety-eight98
85%
thirty-eight38
84%
thirty-nine39
84%
seven hundred700
84%
seventy-three73
84%
twenty-four24
83%
thirty-two32
83%
fifty-nine59
83%
sixty60
83%
ninety-six96
83%
twenty-eight28
82%
seventy-eight78
82%
eighty-one81
82%
twenty20
81%
thirty-one31
81%
eighty-seven87
81%
hundred100
80%
forty-seven47
80%
sixty-nine69
80%
ninety-three93
80%
ninety-five95
80%
fourteen14
79%
four thousand4000
79%
seven thousand7000
79%
seventy-five75
79%
eighty-four84
79%
eighty-eight88
79%
forty-six46
78%
sixty-five65
78%
thousand1000
77%
five thousand5000
76%
ninety-nine99
76%
three hundred300
75%
nine hundred900
75%
three thousand3000
74%
fifty-six56
74%
two hundred200
73%
fifty-seven57
73%
six thousand6000
70%

Distribution des résultats

Percentile par nombre de réponses

% des personnes avec chaque résultat

Votre développement - résultats

Vous n’avez pas pris ce quiz